| 000 | 01039cad a22002175a 4500 | ||
|---|---|---|---|
| 001 | E152572 | ||
| 008 | 110329n xxk f 000 0 eng d | ||
| 035 | _a(Sirsi) u152572 | ||
| 041 | 0 | _aeng | |
| 110 | 2 |
_aRoyal Institution of Chartered Surveyors _94900 |
|
| 245 | 0 | 0 |
_aStatutory requirements in Dutch valuations _h[electronic resource] |
| 260 |
_a[S.l.] _bRICS _c[200?] |
||
| 490 | 0 | _aRICS Practice Statement | |
| 520 | _aIn the Netherlands certain valuations have to comply with a basis prescribed in Dutch legislation or regulation or in a fixed valuation practice that has arisen from Dutch legislation or regulation and is confirmed by case law. This practice statement is published by RICS Netherlands and takes precedence in accordance with PS 1.1.6. | ||
| 521 | _aAdvanced | ||
| 590 | _aKA | ||
| 651 | 4 | _aNetherlands | |
| 690 | _aPROPERTY-PROPERTY APPRAISAL AND VALUATION | ||
| 856 | 4 | 0 |
_uhttps://www.rics.org/site/download_feed.aspx?fileID=8747&fileExtension=PDF _zView the item free of charge at www.rics.org... |
| 942 | _n0 | ||
| 999 |
_c112124 _d112124 |
||